000 01304cam a2200133 4500500
005 20260405085605.0
041 _afre
042 _adc
100 1 0 _aTrémon, Anne-Christine
_eauthor
245 0 0 _aAnthropologie contemporaine
260 _bArmand Colin,
_c2024.
520 _aCet ouvrage propose un tour d’horizon des principaux travaux menés en anthropologie au cours des dernières décennies, en montrant comment ses questionnements se sont réajustés ou renouvelés face aux mutations du monde contemporain. Il aborde ces questions telles qu’elles se posent à différentes échelles entre le local et le global, et concernent les rapports des humains entre eux et avec les non-humains, les rapports de genre et de génération, ainsi que les relations entre personne individuelle et collectifs – familles, clans, diasporas, classes, partis.S’appuyant sur des études de cas situées dans des sociétés tant proches que lointaines, il montre en quoi l’anthropologie aborde, dans toute sa complexité, des relations qui ne peuvent jamais se réduire à une seule dimension et n’échappent jamais au contexte spatio-temporel dans lequel elles s’inscrivent.
856 4 1 _uhttps://shs.cairn.info/anthropologie-contemporaine--9782200635534?lang=fr&redirect-ssocas=7080
999 _c2198782
_d2198782